21世紀・日本の選択 : 三つのニューイズム・グローバリズム,ヒューマニズム,インダストリアリズム(Globalism, Humanism, Industrialism)

שמור ב:
מידע ביבליוגרפי
מחבר ראשי: 福川伸次(ふくかわ しんじ)
פורמט: ספר
שפה:Undetermined
יצא לאור: 東京 TBSブリタニカ 1990
נושאים:
תגים: הוספת תג
אין תגיות, היה/י הראשונ/ה לתייג את הרשומה!
Thư viện lưu trữ: Trung tâm Học liệu Trường Đại học Cần Thơ
LEADER 00717nam a2200205Ia 4500
001 CTU_85377
008 210402s9999 xx 000 0 und d
082 |a 338.952 
082 |b F962 
100 |a 福川伸次(ふくかわ しんじ) 
245 0 |a 21世紀・日本の選択 : 
245 0 |b 三つのニューイズム・グローバリズム,ヒューマニズム,インダストリアリズム(Globalism, Humanism, Industrialism) 
245 0 |c 福川伸次 
260 |a 東京 
260 |b TBSブリタニカ 
260 |c 1990 
650 |a Economic Policy,Japanese economy 
650 |z Japan 
904 |i Ngoc 
980 |a Trung tâm Học liệu Trường Đại học Cần Thơ